| Tag |
First Indicator |
Second Indicator |
Subfields |
| LEADER |
00000cam a2200000 4500 |
| 001 |
in00000043322 |
| 005 |
20151007072752.0 |
| 008 |
741007s1908 nyua 00010 eng u |
| 010 |
|
|
|a 08015485
|
| 035 |
|
|
|a (OCoLC)01033456
|
| 035 |
|
|
|9 AAE8520AM
|
| 040 |
|
|
|c SNN
|d TXA
|d UtOrBLW
|
| 049 |
|
|
|a TXAM
|c [79505]
|
| 050 |
0 |
0 |
|a QK481
|b .B86
|
| 092 |
|
|
|a 582.16097
|b B862n
|
| 100 |
1 |
|
|a Britton, Nathaniel Lord,
|d 1859-1934.
|
| 245 |
1 |
0 |
|a North American trees ;
|b being descriptions and illustrations of the trees growing independently of cultivation in North America, north of Mexico and the West Indies /
|c by Nathaniel Lord Britton. With the assistance of John Adolph Shafer.
|
| 264 |
|
1 |
|a New York :
|b H. Holt,
|c 1908.
|
| 300 |
|
|
|a x,pages, 1 , 894p :
|b illustrations ;
|c 26cm.
|
| 336 |
|
|
|a text
|b txt
|2 rdacontent
|
| 337 |
|
|
|a unmediated
|b n
|2 rdamedia
|
| 338 |
|
|
|a volume
|b nc
|2 rdacarrier
|
| 490 |
0 |
|
|a American nature series. Group 1. Classification of nature
|
| 650 |
|
0 |
|a Trees
|z North America.
|
| 700 |
1 |
|
|a Shafer, John Adolph.
|
| 999 |
|
|
|a MARS
|
| 999 |
f |
f |
|s 7187766b-d32b-3ef0-8f0e-b2b6e1272ccb
|i 56a62189-b54a-354f-b403-a11ba3b01ac6
|t 0
|
| 952 |
f |
f |
|p normal
|a Texas A&M University
|b College Station
|c Sterling C. Evans Library
|d Evans: Library Stacks
|t 0
|e QK481 .B86
|h Library of Congress classification
|i unmediated -- volume
|m A14800995749
|
| 998 |
f |
f |
|a QK481 .B86
|t 0
|l Evans: Library Stacks
|